000 01666nam a2200409 a 4500
001 ebr10524313
003 CaPaEBR
006 m u
007 cr cn|||||||||
008 111017s2011 ne sb 001 0 eng d
010 _z 2011042151
020 _z9789004218710 (hardback : alk. paper)
020 _z9789004218727 (e-book)
040 _aCaPaEBR
_cCaPaEBR
035 _a(OCoLC)777136289
050 1 4 _aB778
_b.H57 2011eb
082 0 4 _a144.09
_223
100 1 _aHirai, Hiro.
245 1 0 _aMedical humanism and natural philosophy
_h[electronic resource] :
_bRenaissance debates on matter, life, and the soul /
_cby Hiro Hirai.
260 _aLeiden ;
_aBoston :
_bBrill,
_c2011.
300 _axiii, 227 p.
490 1 _aMedieval and early modern science ;
_vv. 17
490 1 _aHistory of science and medicine library,
_x1872-0684 : v. 26
504 _aIncludes bibliographical references and index.
533 _aElectronic reproduction.
_bPalo Alto, Calif. :
_cebrary,
_d2013.
_nAvailable via World Wide Web.
_nAccess may be limited to ebrary affiliated libraries.
650 0 _aHumanism
_xHistory.
650 0 _aPhysicians.
650 0 _aHumanists.
650 0 _aMedicine
_xPhilosophy
_xHistory.
650 0 _aMedicine
_xHistory.
650 0 _aPhilosophy
_xHistory.
655 7 _aElectronic books.
_2local
710 2 _aebrary, Inc.
830 0 _aHistory of science and medicine library ;
_vv. 26.
830 0 _aHistory of science and medicine library.
_pMedieval and early modern science ;
_vv. 17.
856 4 0 _uhttp://site.ebrary.com/lib/rucke/Doc?id=10524313
_zAn electronic book accessible through the World Wide Web; click to view
999 _c238833
_d238833